Statistics for FNAF Join the Party Lyrics

Click here to take the quiz!

General Stats

  • This quiz has been taken 24 times
    (16 since last reset)
  • The average score is 162 of 491

Answer Stats

Lyrics% Correct
Join
100%
(Join
100%
a
82%
Par-
82%
Party
82%
Party!~
82%
Party.)
82%
Party!
82%
The
82%
the
82%
for
64%
I
64%
We
64%
we
64%
be
55%
an
45%
do
45%
to
45%
(We're
45%
We're
45%
we're
45%
Where
45%
You
45%
you,
45%
you
45%
about
36%
and
36%
broke
36%
glitch
36%
I'm
36%
is
36%
journey
36%
know
36%
know~)
36%
Let
36%
let
36%
me
36%
of
36%
on
36%
reality
36%
show!
36%
so
36%
So
36%
stars
36%
take
36%
that
36%
us,
36%
us
36%
you'll
36%
your
36%
all
27%
animatronic
27%
animatronic,
27%
below
27%
blast!
27%
Cawthon's
27%
Don't
27%
end!
27%
end
27%
Find
27%
find
27%
Follow
27%
forget
27%
friend,
27%
go,
27%
have
27%
If
27%
I'll
27%
In
27%
It
27%
it!?!
27%
it
27%
like
27%
making
27%
pack,
27%
pulling
27%
Right
27%
Scott
27%
some
27%
strings,
27%
Stuck
27%
then
27%
'till
27%
too
27%
(We'll
27%
We'll
27%
We've
27%
when
27%
why
27%
abominations
18%
afraid,
18%
can
18%
cemetery
18%
deep
18%
forgotten
18%
got
18%
here
18%
how
18%
inside
18%
keep
18%
level
18%
Make
18%
make
18%
need
18%
need?
18%
never
18%
no
18%
not
18%
one
18%
read
18%
Someone
18%
than
18%
these
18%
they
18%
this
18%
This
18%
through!
18%
trust?
18%
way!
18%
Welcome
18%
went
18%
What
18%
who
18%
Who
18%
will
18%
with
18%
With
18%
8-bit
9%
ain't
9%
awaken!
9%
awful
9%
beat,
9%
became
9%
beneath
9%
Between
9%
Bonnie's
9%
broken,
9%
buffed
9%
But
9%
case
9%
chapter
9%
cheesy,
9%
chips,
9%
chorus,
9%
clocks,
9%
coffin
9%
Come
9%
come
9%
cryptic
9%
dark
9%
Death
9%
dialogue
9%
Did
9%
didn't
9%
dreams
9%
dungeons,
9%
eat
9%
Every
9%
evil
9%
finish
9%
flipside,
9%
forgetting
9%
Foxy,
9%
from
9%
getting
9%
gimmicks
9%
glitches
9%
Golden~)
9%
gotten
9%
Graveyards
9%
hands
9%
hard
9%
has
9%
his
9%
How'd
9%
it's
9%
It's
9%
jumpscare!
9%
just
9%
Life
9%
line
9%
lines
9%
Living
9%
many
9%
master?
9%
Mimic
9%
miss
9%
mission
9%
monsters
9%
more
9%
next
9%
open,
9%
our
9%
out
9%
past
9%
piece
9%
pizza?
9%
please!
9%
pretty
9%
puppets,
9%
quick
9%
released
9%
RPG
9%
run
9%
secrets
9%
sick
9%
simple
9%
Sing
9%
slaves
9%
slot
9%
There's
9%
ticking
9%
time
9%
tokens
9%
twisted!
9%
waiting
9%
want
9%
was
9%
weapon
9%
Which
9%
yet,
9%
you've
9%
'87
0%
addition?
0%
afaird,
0%
aggression
0%
ask
0%
attack?
0%
Because
0%
bites
0%
Bytes
0%
catch
0%
darkness,
0%
demented
0%
destruction,
0%
disaster
0%
dishing
0%
efficient
0%
Fazbear's
0%
fight
0%
fill
0%
forever
0%
Fredbear
0%
Freddy
0%
Games
0%
gifts,
0%
gonna
0%
Gonna
0%
insane
0%
inspection
0%
legend!
0%
lesson
0%
mess
0%
most
0%
name
0%
obsession
0%
painful
0%
picking
0%
position
0%
question
0%
rifts!
0%
safe,
0%
shattered
0%
stop
0%
tricks,
0%
unless
0%
Wants
0%
wonder
0%

Score Distribution

Percentile by Number Answered

Percent of People with Each Score

Your Score History

You have not taken this quiz since the last reset